Statistics for Taylor Swift - Ronan Lyrics

Click here to take the quiz!

General Stats

  • This quiz has been taken 104 times
  • The average score is 265 of 302

Answer Stats

Answer% Correct
I
100%
the
100%
a
98%
be
98%
in
98%
to
98%
you?
98%
You
98%
you
98%
an
95%
And
95%
and
95%
if
95%
it
95%
me
95%
my
95%
we
95%
best
93%
it's
93%
remember
93%
Remember
93%
were
93%
We're
93%
who
93%
your
93%
away
90%
baby
90%
"Come
90%
Come
90%
fly
90%
four
90%
from
90%
here
90%
little
90%
on
90%
one
90%
say
90%
What
90%
what
90%
with
90%
years"
90%
about
88%
About
88%
anything
88%
back
88%
boy
88%
can
88%
could
88%
I'm
88%
love
88%
moon
88%
still
88%
this
88%
when
88%
bare
85%
died
85%
down
85%
feet
85%
Halloween
85%
hand
85%
into?
85%
into
85%
just
85%
wanted
85%
was
85%
beautiful
83%
blue
83%
day
83%
eyes
83%
face
83%
hallway
83%
hold
83%
hospital
83%
laugh
83%
Like
83%
like
83%
looking
83%
mine
83%
Then
83%
up
83%
before
80%
feel
80%
floor
80%
kitchen
80%
knows
80%
last
80%
man
80%
miracle
80%
moment
80%
no
80%
of
80%
see
80%
some
80%
way
80%
whispered
80%
dancing
78%
ear
78%
gray
78%
had
78%
jumping
78%
kissed
78%
knew
78%
our
78%
plastic
78%
standing
78%
"Why?"
78%
worst
78%
would
78%
bedtime
75%
closet
75%
drive
75%
even
75%
Flowers
75%
going
75%
Out
75%
own
75%
secret
75%
through?
75%
us
75%
waking
75%
cars
73%
club
73%
dinosaurs
73%
home
73%
screaming
73%
talk
73%
trying
73%
Turned
73%
army
70%
crying
70%
disappear
70%
fought
70%
getting
70%
guy
70%
hard
70%
hope
70%
room
70%
thought
70%
We'll
70%
won't
70%
blind
68%
grow
68%
Race
68%
downs
65%
pile
65%
really
65%
curtained
63%
kept
63%
leaned
63%

Score Distribution

Percentile by Number Answered

Percent of People with Each Score

Your Score History

You have not taken this quiz